Statistics for Largest cities in Michigan

Click here to take the quiz!

General Stats

  • This quiz has been taken 16 times
  • The average score is 5 of 8

Answer Stats

Answer % Correct
Detroit
100%
Grand Rapids
83%
Lansing
83%
Ann Arbor
75%
Flint
67%
Kalamazoo
42%
Battle Creek
42%
Saginaw
42%

Score Distribution

Percentile by Number Answered

Percent of People with Each Score

Your Score History

You have not taken this quiz